| 000 | 00615nam a2200205Ia 4500 | ||
|---|---|---|---|
| 005 | 20260429112312.0 | ||
| 008 | 260429s9999||||xx |||||||||||||| ||und|| | ||
| 020 | _a9788196147082 | ||
| 041 | _aEnglish | ||
| 082 |
_a547.072 _bPEE |
||
| 100 | _aPeesapati, Venkateswarlu | ||
| 245 | 0 |
_aPractical organic chemistry - a primer : _bQualitative analysis and preparation of organic compounds / _cVenkateswarlu Peesapati |
|
| 250 | _a1st ed. | ||
| 260 |
_aHyderabad : _bPharmaMed Press, _c2025. |
||
| 300 | _axvii, 141 p.; pbk | ||
| 650 | _a Compounds | ||
| 650 | _a Organic | ||
| 650 | _aChemistry | ||
| 942 | _cTB | ||
| 999 |
_c53389 _d53389 |
||